[Event "Foment Martinenc op-B 19st"]
[Site "Barcelona"]
[Date "2017.05.20"]
[Round "5.20"]
[White "Izquierdo Pujol, Pol"]
[Black "Martinez Lopez, Ramon"]
[Result "1-0"]
[WhiteElo "1486"]
[BlackElo "1765"]
[PlyCount "67"]
[EventDate "2017.04.22"]
[EventType "swiss"]
[EventRounds "9"]
[EventCountry "ESP"]
[SourceTitle "EXT 2024"]
[Source "ChessBase"]
[SourceDate "2023.10.10"]
[SourceVersion "1"]
[SourceVersionDate "2023.10.10"]
[SourceQuality "1"]

1. e4 c5 2. Nc3 Nc6 3. Bb5 Nd4 4. Bc4 e6 5. Nf3 a6 6. a4 Nf6 7. 0-0 Be7 8. e5 Ng4 9. Nxd4 cxd4 10. Qxg4 dxc3 11. Qxg7 Rf8 12. bxc3 d5 13. exd6 Bf6 14. Qg3 Bh4 15. Qf3 Rg8 16. d4 Bd7 17. Re1 Bc6 18. d5 Bd7 19. dxe6 Bxe6 20. Bxe6 Qf6 21. Qxf6 Bxf6 22. Bf5+ Kd8 23. Ra3 Rb8 24. Bf4 Bg5 25. Bxg5+ Rxg5 26. d7 Kc7 27. Re8 Rxf5 28. Rxb8 Kxb8 29. d8Q+ Ka7 30. Qd4+ Kb8 31. Rb3 Kc7 32. Rxb7+ Kc6 33. Qd7+ Kc5 34. Qxf5+ 1-0

[Event "Barcelona Sant Marti op-B 17th"]
[Site "Barcelona"]
[Date "2015.07.15"]
[Round "3"]
[White "Izquierdo Pujol, Pol"]
[Black "Gonzalez Alonso, Marti"]
[Result "0-1"]
[WhiteElo "1832"]
[BlackElo "1949"]
[PlyCount "108"]
[EventDate "2015.07.13"]
[EventType "swiss"]
[EventRounds "9"]
[EventCountry "ESP"]
[SourceTitle "EXT 2016"]
[Source "ChessBase"]
[SourceDate "2015.10.08"]
[SourceVersion "1"]
[SourceVersionDate "2015.10.08"]
[SourceQuality "1"]

1. e4 e5 2. Nf3 Nf6 3. Nc3 d6 4. Bc4 Be7 5. d3 Bg4 6. Be3 Nbd7 7. h3 Be6 8. Bxe6 fxe6 9. Ng5 Nf8 10. Qd2 h6 11. Nf3 Ng6 12. 0-0-0 Qd7 13. Kb1 0-0-0 14. d4 exd4 15. Qxd4 b6 16. e5 dxe5 17. Nxe5 Qe8 18. Nxg6 Rxd4 19. Nxe7+ Qxe7 20. Bxd4 Rd8 21. Rhe1 c5 22. Be5 Rxd1+ 23. Rxd1 Nd7 24. Bg3 e5 25. Re1 Qd6 26. Kc1 a6 27. Nd1 Qd5 28. f3 Qxa2 29. Bxe5 Qe6 30. f4 Nxe5 31. fxe5 Qg6 32. e6 Kd8 33. e7+ Ke8 34. Re2 Qg5+ 35. Kb1 Qf5 36. Nc3 b5 37. Kc1 Qf4+ 38. Kd1 Qf1+ 39. Kd2 Qf4+ 40. Kd1 Qd4+ 41. Ke1 Qg1+ 42. Kd2 Qd4+ 43. Ke1 Qb4 44. Kf1 Qf4+ 45. Ke1 Qg3+ 46. Kd1 Qd6+ 47. Ke1 Qg3+ 48. Kd1 Qd6+ 49. Ke1 b4 50. Ne4 Qe5 51. Nd2 Qxb2 52. Nc4 Qc3+ 53. Nd2 a5 54. Kd1 Qa1+ 0-1

[Event "Barcelona Sant Marti op-B 17th"]
[Site "Barcelona"]
[Date "2015.07.14"]
[Round "2"]
[White "Siegel, Rainer"]
[Black "Izquierdo Pujol, Pol"]
[Result "0-1"]
[WhiteElo "1647"]
[BlackElo "1832"]
[PlyCount "46"]
[EventDate "2015.07.13"]
[EventType "swiss"]
[EventRounds "9"]
[EventCountry "ESP"]
[SourceTitle "EXT 2016"]
[Source "ChessBase"]
[SourceDate "2015.10.08"]
[SourceVersion "1"]
[SourceVersionDate "2015.10.08"]
[SourceQuality "1"]

1. d3 d5 2. e4 dxe4 3. Nc3 Nf6 4. Bg5 Bg4 5. Qd2 Nc6 6. h3 Bh5 7. g4 Bg6 8. Bg2 exd3 9. Bxc6+ bxc6 10. f4 Ne4 11. Qg2 d2+ 12. Kf1 Qd6 13. Rd1 Nxg5 14. fxg5 0-0-0 15. Nf3 Qf4 16. Ne2 Qe3 17. Nc3 Bxc2 18. Rxd2 Rxd2 19. Nxd2 Bd3+ 20. Ne2 Qxd2 21. Qxc6 Qxe2+ 22. Kg1 Qe1+ 23. Kh2 Qf2+ 0-1

[Event "Barcelona Sant Marti op-B 17th"]
[Site "Barcelona"]
[Date "2015.07.13"]
[Round "1"]
[White "Izquierdo Pujol, Pol"]
[Black "Vicente Soriano, Josep"]
[Result "0-1"]
[WhiteElo "1832"]
[BlackElo "2006"]
[PlyCount "104"]
[EventDate "2015.07.13"]
[EventType "swiss"]
[EventRounds "9"]
[EventCountry "ESP"]
[SourceTitle "EXT 2016"]
[Source "ChessBase"]
[SourceDate "2015.10.08"]
[SourceVersion "1"]
[SourceVersionDate "2015.10.08"]
[SourceQuality "1"]

1. e4 c5 2. Nc3 Nc6 3. Bb5 g6 4. Bxc6 dxc6 5. f4 Bg7 6. Nf3 Nf6 7. d3 0-0 8. Be3 b6 9. Ne5 Qc7 10. Qd2 Ng4 11. Nxg4 Bxg4 12. h3 Bd7 13. 0-0-0 Bd4 14. g4 b5 15. Ne2 Bxe3 16. Qxe3 e5 17. f5 Qd6 18. Rhf1 f6 19. h4 Qe7 20. Ng3 Kg7 21. g5 Kh8 22. fxg6 fxg5 23. hxg5 hxg6 24. Rh1+ Kg7 25. Rh6 Rh8 26. Rdh1 Rxh6 27. gxh6+ Kh7 28. Nf1 Rf8 29. Nd2 Bg4 30. Qg3 Rf4 31. Rh4 Qe6 32. Nf3 Rxf3 33. Qxg4 Qxg4 34. Rxg4 Kxh6 35. Rh4+ Kg7 36. Kd2 Rf2+ 37. Kc3 a5 38. a3 Rf4 39. Rh2 g5 40. Rh5 g4 41. Rxe5 Kf6 42. Rxc5 g3 43. e5+ Kf5 44. e6+ Kxe6 45. Rxc6+ Kf5 46. Rc7 g2 47. Rg7 Rg4 48. Rd7 g1Q 49. Rd5+ Ke6 50. Rxb5 Qe1+ 51. Kb3 Kd6 52. Rxa5 Qxa5 0-1

[Event "Foment Martinenc op-C 17th"]
[Site "Barcelona"]
[Date "2015.06.13"]
[Round "8"]
[White "Izquierdo Pujol, Pol"]
[Black "Oliana Rectoret, Pere"]
[Result "1-0"]
[WhiteElo "1809"]
[BlackElo "1818"]
[PlyCount "47"]
[EventDate "2015.04.25"]
[EventType "swiss"]
[EventRounds "9"]
[EventCountry "ESP"]
[SourceTitle "EXT 2017"]
[Source "ChessBase"]
[SourceDate "2016.10.25"]
[SourceVersion "1"]
[SourceVersionDate "2016.10.25"]
[SourceQuality "1"]

1. e4 d5 2. exd5 Qxd5 3. Nc3 Qa5 4. Nf3 c6 5. d4 Nf6 6. Bc4 Bg4 7. 0-0 e6 8. h3 Bh5 9. Qe2 Be7 10. Re1 Qc7 11. b3 b5 12. Bxe6 fxe6 13. Qxe6 b4 14. d5 Bf7 15. d6 Bxe6 16. dxc7 bxc3 17. cxb8Q+ Rxb8 18. Rxe6 Rc8 19. Ba3 Rc7 20. Bxe7 Kf7 21. Rae1 Nd5 22. Ng5+ Kg8 23. Bd8 h6 24. Re8# 1-0

[Event "Barcelona Sant Marti op-B 16th"]
[Site "Barcelona"]
[Date "2014.07.18"]
[Round "6"]
[White "Recacha Limeres, Sergio"]
[Black "Izquierdo Pujol, Pol"]
[Result "0-1"]
[WhiteElo "1839"]
[BlackElo "1721"]
[PlyCount "32"]
[EventDate "2014.07.13"]
[EventType "swiss"]
[EventRounds "9"]
[EventCountry "ESP"]
[SourceTitle "CBM 161 Extra"]
[Source "ChessBase"]
[SourceDate "2014.08.29"]
[SourceVersion "1"]
[SourceVersionDate "2014.08.29"]
[SourceQuality "1"]

1. e4 c5 2. d4 cxd4 3. c3 dxc3 4. Nxc3 Nc6 5. Nf3 d6 6. Bc4 Nf6 7. e5 dxe5 8. Bxf7+ Kxf7 9. Ng5+ Ke8 10. Qxd8+ Nxd8 11. Nb5 Nd5 12. 0-0 Ne6 13. Rd1 Ndc7 14. Be3 Nxb5 15. Rac1 Nxg5 16. Bxg5 Nd6 0-1

[Event "Foment Martinenc op-B 15th"]
[Site "Barcelona"]
[Date "2013.04.20"]
[Round "1"]
[White "Rodriguez Batuecas, Jordi"]
[Black "Izquierdo Pujol, Pol"]
[Result "1-0"]
[WhiteElo "1627"]
[BlackElo "1700"]
[PlyCount "59"]
[EventDate "2013.04.20"]
[EventType "swiss"]
[EventRounds "9"]
[EventCountry "ESP"]
[SourceTitle "CBM 154 Extra"]
[Source "ChessBase"]
[SourceDate "2013.06.25"]
[SourceVersion "2"]
[SourceVersionDate "2013.06.25"]
[SourceQuality "1"]

1. e4 c5 2. Nc3 e5 3. g3 Nf6 4. Bg2 Nc6 5. Nge2 c4 6. d3 cxd3 7. cxd3 d6 8. 0-0 Be7 9. a3 Be6 10. d4 Bg4 11. d5 Qd7 12. dxc6 bxc6 13. Be3 Rb8 14. Qc2 0-0 15. Rad1 Rfc8 16. Rd2 h5 17. Bg5 Bh3 18. Rfd1 Qg4 19. Bxf6 gxf6 20. Qd3 Bxg2 21. Kxg2 h4 22. Ng1 d5 23. exd5 cxd5 24. Nxd5 Kf8 25. Nxe7 Kxe7 26. Qd7+ Qxd7 27. Rxd7+ Kf8 28. Rxa7 Rxb2 29. Rdd7 Rcc2 30. Rxf7+ 1-0